Εισαγωγή εις την φιλοσοφίαν
Αποθηκεύτηκε σε:
| Κύριος συγγραφέας: | |
|---|---|
| Μορφή: | Βιβλίο |
| Γλώσσα: | Greek |
| Δημοσίευση: |
Αθήνα :
Οργανισμός Εκδόσεως Διδακτικών Βιβλίων,
1972
|
| Έκδοση: | 2η έκδ. |
| Θέματα: | |
| Ετικέτες: |
Προσθήκη ετικέτας
Δεν υπάρχουν, Καταχωρήστε ετικέτα πρώτοι!
|
MARC
| LEADER | 00000cam a2200000 i 4500 | ||
|---|---|---|---|
| 001 | 1/103424 | ||
| 008 | 950516s1972 gr | ||| |||| ||gre|| | ||
| 035 | |l 10012880 | ||
| 040 | |a GR-MY-UA |b gre |e aacr | ||
| 041 | 0 | |a gre | |
| 082 | 0 | |a 100 | |
| 100 | 1 | |a Βορέας, Θεόφιλος, |d 1873-1954. | |
| 245 | 1 | 0 | |a Εισαγωγή εις την φιλοσοφίαν / |c Θεόφιλος Βορέας |
| 250 | |a 2η έκδ. | ||
| 260 | |a Αθήνα : |b Οργανισμός Εκδόσεως Διδακτικών Βιβλίων, |c 1972 | ||
| 300 | |a 475 σ. | ||
| 650 | 0 | 0 | |a Philosophy. |
| 774 | 1 | |t Ακαδημεικά | |
| 852 | |a INST |b LESVOS |e 19950516 |h 100 ΒΟΡ |p 005100006600 |q 005100006600 |t BK |y 0 |z v.3 | ||
| 852 | |a INST |b LESVOS |e 19950516 |h 100 ΒΟΡ |p 005100006600 |q 005100006600 |t BK |v v.3: |y 0 |z v.3 | ||
| 852 | |a INST |b RHODES |e 20040510 |h 100 ΒΟΡ |p 005400007272 |q 005400007272 |t BK |y 0 |z τ.3 | ||
| 852 | |a INST |b RHODES |e 20040510 |h 100 ΒΟΡ |p 005400007272 |q 005400007272 |t BK |v τ.3: |y 0 |z τ.3 | ||
| 853 | |a INST |b LESVOS |h 100 ΒΟΡ | ||
| 853 | |a INST |b RHODES |h 100 ΒΟΡ | ||
| 909 | |a Λ |b 019729 | ||
| 909 | |a Ρ |b 028456 | ||
| 920 | |a ΔΩΡΕΑ ΒΙΒΛΙΟΘΗΚΗΣ |y ΡΟΔΟΣ |z 1995-04 | ||